Chansons d'Alonzo mort subite - Statistiques

Statistiques générales
  • Ce quiz a été pris 34 fois
  • Le résultat moyen est 13 sur 20
Answers on the Grid
Answers color-coded by a green-red scale on the quiz's grid according to % correct below.
Santana
Hasta la vista
Binta
Ferry
Highlander
Finis les
Elle t'as tué
Suis moi
Papa allo
Comme d'hab
Le A
Quelqu'un d'autre t'aimeras
CZ
Assurance vie
Feu d'artifice
La strada
Elvira
Traficante
Vaillant
Normal
Anti BDH
C'est la cité
6e arrondissement
Opinel 12
TMAX
Shooté
Salvatrucha
A7
Sac Gucci
Louboutin
Prado
Cousine
Mon frère
Goumin
Gadji
Lambo plaquée 13
 
Statistiques - réponses
Réponse % Correct
Binta
91%
Finis les
87%
Papa allo
87%
Santana
87%
Traficante
78%
Assurance vie
74%
Comme d'hab
74%
Suis moi
74%
Elle t'as tué
70%
Normal
70%
Vaillant
70%
Feu d'artifice
61%
Elvira
57%
Ferry
57%
Hasta la vista
52%
Highlander
52%
Le A
48%
La strada
35%
Quelqu'un d'autre t'aimeras
35%
CZ
30%
Aucun quiz correspondant
Distribution des résultats
% des personnes avec chaque résultat
Percentile par nombre de réponses
Votre historique - résultats
Vous n’avez pas pris ce quiz